000 00290nam a22001337a 4500
008 190225b xxu||||| |||| 00| 0 eng d
020 _a012348460
041 _aeng
080 _a510
100 _a38
101 _aMAT
245 _aElementary Linear Algebra
_cHill, R.O
942 _2udc
_cBK
999 _c54244
_d54244